| 000 | 00832nam a2200205 i 4500 | ||
|---|---|---|---|
| 001 | 68640 | ||
| 003 | ES-MaACL | ||
| 005 | 20260304173643.0 | ||
| 007 | t| | ||
| 008 | 960813s1886 fr a ||||1| fre d | ||
| 040 |
_aCAM _bspa _cCAM |
||
| 100 | 1 |
_aGavoy, Émile-Alexandre, _d1836-.... _956092 |
|
| 245 | 1 | 2 |
_aL'encéphale _b: structure et description iconographique du cerveau, du cervelet et du bulbe : avec atlas de 59 planches en glyptographie / _cpar E. Gavoy ; préface de M. le Professeur Vulpian. |
| 260 |
_aParis : _bLibrairie J. B. Baillière et fils, _c1886 ( _eCorbeil : _ftyp. et stér. Crété) |
||
| 300 |
_a1 vol. (162 p.) : _bil. ; _c33 cm + _e1 atlas (60 p.) |
||
| 650 | 4 |
_aCerebro. _910903 |
|
| 700 | 1 |
_aVulpian, Alfred, _d1826-1887 _9152582 |
|
| 852 |
_aES-MaACL _jB-12023-24 |
||
| 999 |
_c68640 _d68640 |
||